| 000 | 00862nam a22002057a 4500 | ||
|---|---|---|---|
| 999 |
_c36232 _d36232 |
||
| 003 | OSt | ||
| 005 | 20251219154449.0 | ||
| 008 | 140214b2025 slv spa | ||
| 040 | _cBMC | ||
| 082 | _a428 | ||
| 100 | 1 |
_949848 _aSolano Tino, Fátima Lisbeth |
|
| 245 | 1 | 0 |
_aLevel up, a teen´s english adventure book _b: Proyecto, informe final _cFátima Lisbeth Solano Tino |
| 260 |
_aSanta Ana (El Salvador) _bUniversidad Católica de El Salvador _c2025 |
||
| 300 |
_a153 pág. _bil. col _c27 cm _e+ 1 disco compacto |
||
| 500 | _aPrecede al tít.: Universidad Católica de El Salvador, Facultad de Ciencias y Humanidades | ||
| 502 | _aPara optar al grado académico de Licenciatura en Idioma Inglés | ||
| 650 | 2 | 0 |
_918240 _aLengua inglesa _xMétodos |
| 710 | 2 |
_91075 _aUniversidad Católica de El Salvador _bFacultad de Ciencias y Humanidades |
|
| 942 |
_2ddc _cTG |
||